Podział administracyjny Andory - Statystyki

Ogólne statystyki
  • Ten quiz został rozwiązany 46 razy
  • Średni wynik to 1 z 7
Statystyki odpowiedzi
Parafia % Poprawnych
Andora
86%
Canillo
29%
Encamp
14%
Escaldes-Engordany
14%
La Massana
0%
Ordino
0%
Sant Julià de Lòria
0%
Nie znaleziono quizów pasujących do podanych kryteriów
Rozkład punktacji
Procent ludzi z każdym wynikiem
Percentyl według liczby udzielonych odpowiedzi
Twoja historia wyników
Nie rozwiązałeś tego quizu